000 00237nam a22001097a 4500
008 230605b xxu||||| |||| 00| 0 eng d
082 _a331.25
_bMUH
100 _cNjoki Muhoho
245 _aWorkplace
300 _a146 pages
942 _2ddc
_cBK
999 _c382
_d382